1211 1416 1523 1977 1350 1345 1182 1818 1293 1617 1670 1392 1076 1342 1780 1171 1199 1400 1931 1587 1325 1309 1424 1313 1095 1709 1625 1195 1536 1809 1870 1307 1567 1791 1083 1779 1310 1918 1214 1450 1159 1075 1258 1486 1808 1111 1274 1747 1125 1340 1916 1619 1206 1959 1767 1732 1567 1711 1077 1621 1491 1564 1149 1608 1848 1485 1066 1989 1640 1694 1357 1332 1232 1750 1240 1196 1102 1497 1069 1527 1052 1681 1115 1391 1617 1161 1511 1898 1538 1053 1018 1509 1008 1373 1111 1995 1913 1283 1345 BCNSPRNW ULIB Ver.6.0+V

เปลี่ยนเป็นภาษาไทย

Change to English
 แสดงรายละเอียดบรรณานุกรม
  กลับหน้าหลัก

Brief Record : Get Marc (ISO 2709) : E-mail record : QR code < ปิดหน้าต่าง
LEADER : 00000nam 2200000uu 4500
001    13399120449
003     ULIB
008    120920s2551||||th 000 0 tha d
020    ^a9789748377551
060 04 ^aWB105^bจ279อ 2551
245 00 ^aอายุรศาสตร์ฉุกเฉิน /^cบรรณาธิการ, จันทราภา ศรีสวัสดิ์ ...[และคนอื่นๆ]
260    ^aกรุงเทพฯ :^bโครงการตำราวิทยาลัยแพทยศาสตร์พระมงกุฎเกล้า,^c2551
300    ^a608 หน้า :^bภาพประกอบ ;^c26 ซม.
500    ^aการอบรมระยะสั้น "อายุรศาสตร์ในเวชปฏิบัติ ครั้งที่ 9"ของกองอายุรกรรม และภาควิชาอายุรศาสตร์ วิทยาลัยแพทยศาสตร์พระมงกุฎเกล้า วันที่ 1-5 กันยายน 2551
650  7 ^aเวชศาสตร์ฉุกเฉิน^vการประชุม
650  7 ^aภาวะฉุกเฉิน^vการประชุม
650  7 ^aบริการฉุกเฉินของโรงพยาบาล^vการประชุม
700 0  ^aจันทราภา ศรีสวัสดิ์,^eบรรณาธิการ
710 2  ^aวิทยาลัยแพทยศาสตร์พระมงกุฏเกล้า.^bโครงการตำราวิทยาลัยแพทยศาสตร์พระมงกุฎเกล้า
710 2  ^aวิทยาลัยแพทยศาสตร์พระมงกุฏเกล้า. ^bภาควิชาอายุรศาสตร์
945    ^p0^l0^i15643
945    ^p0^l0^i15644
995    ^aกัณชพร
999 ^a ใช้งานได้ทุกระบบ
รายการนี้ยังไม่มีแท็ก
คุณยังไม่ได้ล็อกอิน คุณสามารถมีกิจกรรมร่วมกับเว็บไซต์ได้ แต่ต้องล็อกอินก่อน ::
  ล็อกอิน

รายการสื่อสารสนเทศ

ลำดับที่ ประเภท เลขเรียก/บาร์โค้ด สถานที่ สถานะ
1. วิทยาศาสตร์การแพทย์ และสุขภาพ
วิทยาศาสตร์การแพทย์ และสุขภาพ
WB105 จ279อ 2551  
  Barcode: 15643
ห้องสมุดวิทยาเขตสวรรค์ประชารักษ์
►ส่วนจัดเก็บหนังสือเก่า สปร
บนชั้น
  ขอยืม
2. วิทยาศาสตร์การแพทย์ และสุขภาพ
วิทยาศาสตร์การแพทย์ และสุขภาพ
WB105 จ279อ 2551 ฉ.2 
  Barcode: 15644
ห้องสมุดวิทยาเขตสวรรค์ประชารักษ์
►ส่วนจัดเก็บหนังสือเก่า สปร
บนชั้น
  ขอยืม

BibComment


ยังไม่เคยถูกคอมเมนท์

คอมเมนท์ทรัพยากรรายการนี้
  คอมเมนท์: อายุรศาสตร์ฉุกเฉ..


 Copyright 2026. Bcnsprnw @Library